000 01111cam a2200313 a 4500
001 2838
005 20240116160720.0
020 _a087577910840
040 _aJN4
_cJN4
_dBTCTA
_dIUI
_dBAKER
_dDLC
_beng
050 0 0 _aGV1787.5
_b 2005
082 _a792.8
100 1 _aGibbs, Lynne
245 1 2 _aA word about ballet /
_cby Lynn Gibbs ; illustrated by Shelagh McNicholas.
246 3 0 _aBallet
250 _aFirst Published in Great Britain in 2005 by Brimax
260 _aColumbus,
_bBrighter Child,
_c2005
300 _a24 unnumbered pages :
_bcolor illustrations ;
_c22 cm.
490 _aA word about
500 _aOriginally published: Great Britain : Brimax, 2005.
505 _aO
520 _aFind out all about ballet, from what it is, to what dancers wear, to what it takes to be part of a professional corps de ballet performance.
521 _a600
_bLexile
521 _aO
_bRaz-Plus
650 0 _aBallet
_vJuvenile literature.
650 1 _aBallet.
700 1 _aMcNicholas, Shelagh
_eillustrator
906 _a7
_bcbc
_ccopycat
_d3
_encip
_f20
_gy-gencatlg
942 _2ddc
_cBK
_n0
999 _c2838
_d2838